| 000 | 01411cam a2200301 a 4500 | ||
|---|---|---|---|
| 003 | EG-GiCUC | ||
| 008 | 150409s2008 su a g 000 0 ara d | ||
| 017 |
_a1429 / 6373 _bالسعودية . مكتبة الملك فهد الوطنية |
||
| 020 | _a978960003252 | ||
| 040 |
_aEG-GiCUC _bara _cEG-GiCUC |
||
| 092 | 0 | 4 |
_a023.9 _bB8739 _221 |
| 099 |
_a04 _a023.9 B8739 |
||
| 100 | 1 |
_aبروفي: بيتر : _d1950- |
|
| 245 | 1 | 0 |
_aقياس أداء المكتبة : _bالمبادئ و الأساليب / _cتأليف بيتر بروفي ؛ ترجمة سليمان بن صالح العقلا. |
| 260 |
_aالرياض : _bمكتبة الملك فهد الوطنية: _c2008. |
||
| 300 |
_a460.ص : _b.؛ إيض _c24 سم. |
||
| 490 | 1 | _aمطبوعات مكتبة الملك فهد الوطنية . السلسلة الثانية .61. | |
| 504 | _aيشتمل على ارجاعات ببليوجرافية. | ||
| 650 | 7 |
_aالمكتبات _xتقييم _2.qrmak |
|
| 650 | 7 |
_aالمكتبات _xتنظيم و ادارة _2.qrmak |
|
| 700 | 1 | _aالعقلا: سليمان بن صالح. | |
| 830 | 0 |
_aمطبوعات مكتبة الملك فهد الوطنية . _nالسلسلة الثانية . _v61. |
|
| 902 | _a1 | ||
| 905 |
_aاميرة _eمدخل |
||
| 905 |
_aجيهان _eمراجع |
||
| 942 |
_2ddc _cBK |
||
| 999 |
_c138997 _d138997 |
||